000 00667nam a2200205 i 4500
001 146911
003 ES-MaACL
005 20250905133545.0
007 t|
008 070919s1962 sp ||||1| spa d
100 1 _aTudela de la Orden, José.
_9111634
245 1 0 _aIn memoriam Angel del Río
_b: (1901-1962) /
_cJosé Tudela.
260 _aSoria :
_bCentro de Estudios Sorianos,
_c1962.
300 _a3 h. ;
_c23 cm.
500 _aEs tirada aparte de Celtiberia nº 24 pág. 291-296.
600 1 4 _aRío, Ángel del,
_d1900-1962
_997297
710 2 _aCentro de Estudios Sorianos.
_92676
852 _aES-MaACL
_j2036-F-15
_bR.51389
999 _c146911
_d146911